000 02201cam a2200373 i 4500
999 _c57466
_d57466
001 18462413
005 20221105220729.0
008 150122t2016 moua b 001 0 eng
010 _a 2015002959
020 _a9780323287456 (hardcover : alk. paper) 1
020 _a032328745X (hardcover : alk. paper) 1
041 _aeng
080 _a616.31-053 M-77
082 0 0 _a617.6/45
_223
245 0 0 _aMcDonald and Avery's dentistry for the child and adolescent /
_c[edited by] Jeffrey A. Dean, DDS, MSD, Chief of Staff, Office of the Chancellor, Indiana University-Purdue University Indianapolis, Ralph E. McDonald Professor of Pediatric Dentistry and Professor of Orthodontics, Indiana University School of Dentistry, Riley Hospital for Children at IU Health, Indianapolis, Indiana, James E. Jones, DMD, MSD, EdD, PhD, Professor and Chair, Department of Pediatric Dentistry, Indiana University School of Dentistry, Clinical Professor, Department of Pediatrics, Indiana University School of Medicine, Indianapolis, Indiana, LaQuia A. Walker Vinson, DDS, MPH, Assistant Professor, Pediatric Dentistry, Indiana University, Indianapolis, Indiana.
246 1 _aDentistry for the child and adolescent
250 _aTenth edition.
264 1 _aSt. Louis, Missouri :
_bElsevier,
_c[2016]
300 _axix, 700 pages :
_billustrations (chiefly color) ;
_c29 cm
336 _atext
_2rdacontent
337 _aunmediated
_2rdamedia
338 _avolume
_2rdacarrier
504 _aIncludes bibliographical references and index.
650 1 2 _aDental Care for Children.
_98487
650 2 2 _aPediatric Dentistry
_xmethods.
_98745
653 _aბავშვთა სტომატოლოგია
653 _aმედიცინა
700 1 _aDean, Jeffrey A.
_q(Jeffrey Alan),
_eრედაქტორი
_98746
700 1 _aAvery, David R.,
_eრედაქტორი
_98747
700 1 _aMcDonald, Ralph E.,
_d1920- ,
_eრედაქტორი
_98748
906 _a7
_bcbc
_corignew
_d1
_eecip
_f20
_gy-gencatlg
942 _2udc
_cBK
955 _axn12 2015-11-23 1 copy rec'd., to CIP ver.
_arl00 2015-12-02 to SMA
_atd11 2016-03-07 multiple typos and two names corrected in 245c